000 01844ncm0a2200445 4500
001 RU\NLR\ONIZ\224986
005 20250630160812.0
013 _a979-0-9003280-0-8
021 _aRU
_b18-487
_918-НО-П-37
035 _a(NLR Aleph) 011945262
090 _a11114649
_c11114649
100 _a20190208d2018 |||y0rusy50 ca
101 0 _arus
102 _aRU
125 _aax
135 _acrmn mmmanaba
200 1 _aДетские песни Аблязиза Велиева
_bНоты
_dАблязиз Велиевнинъ бала йырлары
_ztat
_fавт. сл. А. Велиев
210 _aСимферополь
_cИП "Хотеева Л. В."
_d2018
215 _a32 с.
_d29 см
300 _aЛит. текст крымскотатарский
325 _aКопия доступна в Электрон. б-ке РНБ
606 1 _aДетские песни крымскотатарских композиторов
_2nlr_sh
686 _aЩ984.0я43(2Р=Крымтат)
_vLBC/SL
_2rubbk
700 1 _9z02790
_aВелиев
_bА.
_cавт. слов
_f1939-
_gАблязиз
_4520
_7ca
790 1 _9z02700
_aВелиевнинъ
_bА.
_f1939-
_gАблязиз
_4520
_7ca
801 0 _aRU
_bNLR
_c20190208
_gPSBO
801 1 _aRU
_bNLR
_c20190208
_2rusmarc
801 2 _aRU
_bNLR
_c20190630
852 _aNLR
_bМ
_jК-3/29829
_pМОЭ 2018-НО-П-37/487
_t1
856 0 _uhttps://vivaldi.nlr.ru/bn000011677/view
856 1 _uhttps://vivaldi.nlr.ru/bn000011677/cover
856 2 _uhttps://vivaldi.nlr.ru/bn000011677/text
942 _cSCORE
980 _aNB
980 _aONIZ
981 4 8 _a(48) Крым: история в документах
981 2 4 _a(24) Нотные издания и аудиозаписи